Inibitori della proteasi /

Gorde:
Xehetasun bibliografikoak
Erakunde egilea: Lega italiana lotta all'AIDS (Egilea)
Formatua: Liburua
Hizkuntza:italiera
Argitaratua: [S.l. : s.n.], stampa 1997
Etiketak: Etiketa erantsi
Etiketarik gabe, Izan zaitez lehena erregistro honi etiketa jartzen!

MARC

LEADER 00000nam a22000007i 4500
001 IT\ICCU\UBO\3619488
003 ItRI
005 20260115232437.0
008 090422s1997 it |||||| ||||| |||||c
040 |b ita  |c importazione bologna sebina 
041 7 |a ita  |2 ISO-639-2 
110 2 |a Lega italiana lotta all'AIDS  |0 IT\ICCU\BVEV\014764  |4 aut 
245 0 0 |a Inibitori della proteasi /  |c Lila Bologna. 
260 |a [S.l. :  |b s.n.],  |c stampa 1997 
300 |a 31 p. :  |b ill ;  |c 21 cm 
500 |a Tit. della cop 
500 |a Sulla cop.: Quaderno informativo a cura del Centro di documentazione e produzione della Lega Italiana per la Lotta contro l'AIDS di Bologna. 
791 2 |a LILA  |3 IT\ICCU\BVEV\014768  |z Lega italiana lotta all'AIDS 
942 |2 ddc  |c BK  |n 0 
952 |0 0  |1 0  |4 0  |6 A_616_979000000000000_LIL  |7 0  |9 25877  |a BO  |b BO  |d 2026-01-15  |i 5207  |l 0  |o A 616.979 LIL  |p BO5207  |r 2026-01-15 23:24:38  |w 2026-01-15  |x [Sebina 7] [1 v.]  |y BK  |z 1 v. 
999 |c 21929  |d 21929